<?xml version="1.0" encoding="UTF-8"?>
<record
    xmlns:xsi="http://www.w3.org/2001/XMLSchema-instance"
    xsi:schemaLocation="http://www.loc.gov/MARC21/slim http://www.loc.gov/standards/marcxml/schema/MARC21slim.xsd"
    xmlns="http://www.loc.gov/MARC21/slim">

  <leader>00192nam a22000857a 4500</leader>
  <controlfield tag="001">1301073</controlfield>
  <controlfield tag="005">20260428110649.0</controlfield>
  <datafield tag="245" ind1=" " ind2=" ">
    <subfield code="a">SAFAHAT</subfield>
    <subfield code="c">MEHMET AK&#x130;F ERSOY</subfield>
  </datafield>
  <datafield tag="260" ind1=" " ind2=" ">
    <subfield code="b">K&#x130;TAP ZAMANI YAYINLARI</subfield>
  </datafield>
  <datafield tag="999" ind1=" " ind2=" ">
    <subfield code="c">1301073</subfield>
    <subfield code="d">1301073</subfield>
  </datafield>
  <datafield tag="952" ind1=" " ind2=" ">
    <subfield code="0">0</subfield>
    <subfield code="1">0</subfield>
    <subfield code="2">ddc</subfield>
    <subfield code="4">0</subfield>
    <subfield code="7">0</subfield>
    <subfield code="a">1009</subfield>
    <subfield code="b">1009</subfield>
    <subfield code="d">2026-04-28</subfield>
    <subfield code="l">0</subfield>
    <subfield code="p">10091002379</subfield>
    <subfield code="r">2026-04-28 11:09:13</subfield>
    <subfield code="w">2026-04-28</subfield>
    <subfield code="y">BK</subfield>
  </datafield>
</record>
